<?xml version="1.0" encoding="UTF-8"?>
<collection xmlns="http://www.loc.gov/MARC21/slim">
 <record>
  <leader>21268nas a22024251  4500</leader>
  <controlfield tag="001">1/50178</controlfield>
  <controlfield tag="008">030912c19759999gw mrzp       0   a0eng d</controlfield>
  <datafield tag="022" ind1=" " ind2=" ">
   <subfield code="a">0340-7926</subfield>
  </datafield>
  <datafield tag="035" ind1=" " ind2=" ">
   <subfield code="l">23020</subfield>
  </datafield>
  <datafield tag="040" ind1=" " ind2=" ">
   <subfield code="a">DLC</subfield>
   <subfield code="b">GR-PeUP</subfield>
  </datafield>
  <datafield tag="090" ind1=" " ind2=" ">
   <subfield code="a">Αλφαβητική σειρά</subfield>
  </datafield>
  <datafield tag="245" ind1="0" ind2="0">
   <subfield code="a">Recht der internationalen Wirtschaft</subfield>
  </datafield>
  <datafield tag="260" ind1=" " ind2=" ">
   <subfield code="a">Heidelberg [Germany] :</subfield>
   <subfield code="b">Recht und Wirtschaft,</subfield>
   <subfield code="c">[1975-</subfield>
  </datafield>
  <datafield tag="300" ind1=" " ind2=" ">
   <subfield code="a">v. ;</subfield>
   <subfield code="c">30 cm.</subfield>
  </datafield>
  <datafield tag="310" ind1=" " ind2=" ">
   <subfield code="a">Monthly</subfield>
  </datafield>
  <datafield tag="362" ind1="0" ind2=" ">
   <subfield code="a">Vol.49, no.1(2003)-</subfield>
  </datafield>
  <datafield tag="546" ind1=" " ind2=" ">
   <subfield code="a">English</subfield>
  </datafield>
  <datafield tag="650" ind1=" " ind2="4">
   <subfield code="a">Foreign trade regulation</subfield>
   <subfield code="z">Germany (West)</subfield>
   <subfield code="v">Periodicals.</subfield>
  </datafield>
  <datafield tag="650" ind1=" " ind2="4">
   <subfield code="a">Foreign trade regulation</subfield>
   <subfield code="v">Periodicals.</subfield>
  </datafield>
  <datafield tag="852" ind1=" " ind2=" ">
   <subfield code="a">INST</subfield>
   <subfield code="b">UNIPILB</subfield>
   <subfield code="c">SERIALS</subfield>
   <subfield code="e">20050216</subfield>
   <subfield code="h">Αλφαβητική σειρά</subfield>
   <subfield code="p">40206</subfield>
   <subfield code="q">40206</subfield>
   <subfield code="t">NOLOAN</subfield>
   <subfield code="v">vol.48;no.4:(Έτος)2002</subfield>
   <subfield code="y">23</subfield>
  </datafield>
  <datafield tag="852" ind1=" " ind2=" ">
   <subfield code="a">INST</subfield>
   <subfield code="b">UNIPILB</subfield>
   <subfield code="c">SERIALS</subfield>
   <subfield code="e">20050216</subfield>
   <subfield code="h">Αλφαβητική σειρά</subfield>
   <subfield code="p">40207</subfield>
   <subfield code="q">40207</subfield>
   <subfield code="t">NOLOAN</subfield>
   <subfield code="v">vol.48;no.5:(Έτος)2002</subfield>
   <subfield code="y">23</subfield>
  </datafield>
  <datafield tag="852" ind1=" " ind2=" ">
   <subfield code="a">INST</subfield>
   <subfield code="b">UNIPILB</subfield>
   <subfield code="c">SERIALS</subfield>
   <subfield code="e">20050216</subfield>
   <subfield code="h">Αλφαβητική σειρά</subfield>
   <subfield code="p">40208</subfield>
   <subfield code="q">40208</subfield>
   <subfield code="t">NOLOAN</subfield>
   <subfield code="v">vol.48;no.7:(Έτος)2002</subfield>
   <subfield code="y">23</subfield>
  </datafield>
  <datafield tag="852" ind1=" " ind2=" ">
   <subfield code="a">INST</subfield>
   <subfield code="b">UNIPILB</subfield>
   <subfield code="c">SERIALS</subfield>
   <subfield code="e">20050216</subfield>
   <subfield code="h">Αλφαβητική σειρά</subfield>
   <subfield code="p">40209</subfield>
   <subfield code="q">40209</subfield>
   <subfield code="t">NOLOAN</subfield>
   <subfield code="v">vol.48;no.11:(Έτος)2002</subfield>
   <subfield code="y">23</subfield>
  </datafield>
  <datafield tag="852" ind1=" " ind2=" ">
   <subfield code="a">INST</subfield>
   <subfield code="b">UNIPILB</subfield>
   <subfield code="c">SERIALS</subfield>
   <subfield code="e">20050216</subfield>
   <subfield code="h">Αλφαβητική σειρά</subfield>
   <subfield code="p">40210</subfield>
   <subfield code="q">40210</subfield>
   <subfield code="t">NOLOAN</subfield>
   <subfield code="v">vol.48 Jahrgang:(Έτος)2002</subfield>
   <subfield code="y">23</subfield>
  </datafield>
  <datafield tag="852" ind1=" " ind2=" ">
   <subfield code="a">INST</subfield>
   <subfield code="b">UNIPILB</subfield>
   <subfield code="c">SERIALS</subfield>
   <subfield code="e">20050216</subfield>
   <subfield code="h">Αλφαβητική σειρά</subfield>
   <subfield code="p">40212</subfield>
   <subfield code="q">40212</subfield>
   <subfield code="t">NOLOAN</subfield>
   <subfield code="v">vol.48;no.12:(Έτος)2002</subfield>
   <subfield code="y">23</subfield>
  </datafield>
  <datafield tag="852" ind1=" " ind2=" ">
   <subfield code="a">INST</subfield>
   <subfield code="b">UNIPILB</subfield>
   <subfield code="c">SERIALS</subfield>
   <subfield code="e">20050216</subfield>
   <subfield code="h">Αλφαβητική σειρά</subfield>
   <subfield code="p">40213</subfield>
   <subfield code="q">40213</subfield>
   <subfield code="t">NOLOAN</subfield>
   <subfield code="v">no.4;part.1 Banker &amp; Versishe runger:(Έτος)2002</subfield>
   <subfield code="y">23</subfield>
  </datafield>
  <datafield tag="852" ind1=" " ind2=" ">
   <subfield code="a">INST</subfield>
   <subfield code="b">UNIPILB</subfield>
   <subfield code="c">SERIALS</subfield>
   <subfield code="e">20050216</subfield>
   <subfield code="h">Αλφαβητική σειρά</subfield>
   <subfield code="p">40214</subfield>
   <subfield code="q">40214</subfield>
   <subfield code="t">NOLOAN</subfield>
   <subfield code="v">no.7;part.2 Leasing - Berater:(Έτος)2002</subfield>
   <subfield code="y">23</subfield>
  </datafield>
  <datafield tag="852" ind1=" " ind2=" ">
   <subfield code="a">INST</subfield>
   <subfield code="b">UNIPILB</subfield>
   <subfield code="c">SERIALS</subfield>
   <subfield code="e">20050216</subfield>
   <subfield code="h">Αλφαβητική σειρά</subfield>
   <subfield code="p">40215</subfield>
   <subfield code="q">40215</subfield>
   <subfield code="t">NOLOAN</subfield>
   <subfield code="v">no.12;part.3 International Journal of Dispute Resolution:(Έτος)2002</subfield>
   <subfield code="y">23</subfield>
  </datafield>
  <datafield tag="852" ind1=" " ind2=" ">
   <subfield code="a">INST</subfield>
   <subfield code="b">UNIPILB</subfield>
   <subfield code="c">SERIALS</subfield>
   <subfield code="e">20050216</subfield>
   <subfield code="h">Αλφαβητική σειρά</subfield>
   <subfield code="p">40217</subfield>
   <subfield code="q">40217</subfield>
   <subfield code="t">NOLOAN</subfield>
   <subfield code="v">vol.49;no.1:(Έτος)2003</subfield>
   <subfield code="y">23</subfield>
  </datafield>
  <datafield tag="852" ind1=" " ind2=" ">
   <subfield code="a">INST</subfield>
   <subfield code="b">UNIPILB</subfield>
   <subfield code="c">SERIALS</subfield>
   <subfield code="e">20050216</subfield>
   <subfield code="h">Αλφαβητική σειρά</subfield>
   <subfield code="p">40218</subfield>
   <subfield code="q">40218</subfield>
   <subfield code="t">NOLOAN</subfield>
   <subfield code="v">vol.49;no.2:(Έτος)2003</subfield>
   <subfield code="y">23</subfield>
  </datafield>
  <datafield tag="852" ind1=" " ind2=" ">
   <subfield code="a">INST</subfield>
   <subfield code="b">UNIPILB</subfield>
   <subfield code="c">SERIALS</subfield>
   <subfield code="e">20050216</subfield>
   <subfield code="h">Αλφαβητική σειρά</subfield>
   <subfield code="p">40219</subfield>
   <subfield code="q">40219</subfield>
   <subfield code="t">NOLOAN</subfield>
   <subfield code="v">vol.49;no.3:(Έτος)2003</subfield>
   <subfield code="y">23</subfield>
  </datafield>
  <datafield tag="852" ind1=" " ind2=" ">
   <subfield code="a">INST</subfield>
   <subfield code="b">UNIPILB</subfield>
   <subfield code="c">SERIALS</subfield>
   <subfield code="e">20050216</subfield>
   <subfield code="h">Αλφαβητική σειρά</subfield>
   <subfield code="p">40220</subfield>
   <subfield code="q">40220</subfield>
   <subfield code="t">NOLOAN</subfield>
   <subfield code="v">vol.49;no.4:(Έτος)2003</subfield>
   <subfield code="y">23</subfield>
  </datafield>
  <datafield tag="852" ind1=" " ind2=" ">
   <subfield code="a">INST</subfield>
   <subfield code="b">UNIPILB</subfield>
   <subfield code="c">SERIALS</subfield>
   <subfield code="e">20050216</subfield>
   <subfield code="h">Αλφαβητική σειρά</subfield>
   <subfield code="p">40221</subfield>
   <subfield code="q">40221</subfield>
   <subfield code="t">NOLOAN</subfield>
   <subfield code="v">vol.49;no.5:(Έτος)2003</subfield>
   <subfield code="y">23</subfield>
  </datafield>
  <datafield tag="852" ind1=" " ind2=" ">
   <subfield code="a">INST</subfield>
   <subfield code="b">UNIPILB</subfield>
   <subfield code="c">SERIALS</subfield>
   <subfield code="e">20050216</subfield>
   <subfield code="h">Αλφαβητική σειρά</subfield>
   <subfield code="p">40222</subfield>
   <subfield code="q">40222</subfield>
   <subfield code="t">NOLOAN</subfield>
   <subfield code="v">vol.49;no.6:(Έτος)2003</subfield>
   <subfield code="y">23</subfield>
  </datafield>
  <datafield tag="852" ind1=" " ind2=" ">
   <subfield code="a">INST</subfield>
   <subfield code="b">UNIPILB</subfield>
   <subfield code="c">SERIALS</subfield>
   <subfield code="e">20050216</subfield>
   <subfield code="h">Αλφαβητική σειρά</subfield>
   <subfield code="p">40223</subfield>
   <subfield code="q">40223</subfield>
   <subfield code="t">NOLOAN</subfield>
   <subfield code="v">vol.49;no.7:(Έτος)2003</subfield>
   <subfield code="y">23</subfield>
  </datafield>
  <datafield tag="852" ind1=" " ind2=" ">
   <subfield code="a">INST</subfield>
   <subfield code="b">UNIPILB</subfield>
   <subfield code="c">SERIALS</subfield>
   <subfield code="e">20050216</subfield>
   <subfield code="h">Αλφαβητική σειρά</subfield>
   <subfield code="p">40224</subfield>
   <subfield code="q">40224</subfield>
   <subfield code="t">NOLOAN</subfield>
   <subfield code="v">vol.49;no.8:(Έτος)2003</subfield>
   <subfield code="y">23</subfield>
  </datafield>
  <datafield tag="852" ind1=" " ind2=" ">
   <subfield code="a">INST</subfield>
   <subfield code="b">UNIPILB</subfield>
   <subfield code="c">SERIALS</subfield>
   <subfield code="e">20050216</subfield>
   <subfield code="h">Αλφαβητική σειρά</subfield>
   <subfield code="p">40225</subfield>
   <subfield code="q">40225</subfield>
   <subfield code="t">NOLOAN</subfield>
   <subfield code="v">vol.49;no.9:(Έτος)2003</subfield>
   <subfield code="y">23</subfield>
  </datafield>
  <datafield tag="852" ind1=" " ind2=" ">
   <subfield code="a">INST</subfield>
   <subfield code="b">UNIPILB</subfield>
   <subfield code="c">SERIALS</subfield>
   <subfield code="e">20050216</subfield>
   <subfield code="h">Αλφαβητική σειρά</subfield>
   <subfield code="p">40226</subfield>
   <subfield code="q">40226</subfield>
   <subfield code="t">NOLOAN</subfield>
   <subfield code="v">vol.49;no.10:(Έτος)2003</subfield>
   <subfield code="y">23</subfield>
  </datafield>
  <datafield tag="852" ind1=" " ind2=" ">
   <subfield code="a">INST</subfield>
   <subfield code="b">UNIPILB</subfield>
   <subfield code="c">SERIALS</subfield>
   <subfield code="e">20050216</subfield>
   <subfield code="h">Αλφαβητική σειρά</subfield>
   <subfield code="p">40227</subfield>
   <subfield code="q">40227</subfield>
   <subfield code="t">NOLOAN</subfield>
   <subfield code="v">vol.49;no.11:(Έτος)2003</subfield>
   <subfield code="y">23</subfield>
  </datafield>
  <datafield tag="852" ind1=" " ind2=" ">
   <subfield code="a">INST</subfield>
   <subfield code="b">UNIPILB</subfield>
   <subfield code="c">SERIALS</subfield>
   <subfield code="e">20050216</subfield>
   <subfield code="h">Αλφαβητική σειρά</subfield>
   <subfield code="p">40232</subfield>
   <subfield code="q">40232</subfield>
   <subfield code="t">NOLOAN</subfield>
   <subfield code="v">vol.49;no.12:(Έτος)2003</subfield>
   <subfield code="y">23</subfield>
  </datafield>
  <datafield tag="852" ind1=" " ind2=" ">
   <subfield code="a">INST</subfield>
   <subfield code="b">UNIPILB</subfield>
   <subfield code="c">SERIALS</subfield>
   <subfield code="e">20050216</subfield>
   <subfield code="h">Αλφαβητική σειρά</subfield>
   <subfield code="p">40233</subfield>
   <subfield code="q">40233</subfield>
   <subfield code="t">NOLOAN</subfield>
   <subfield code="v">vol.49:(Έτος)2003</subfield>
   <subfield code="y">23</subfield>
  </datafield>
  <datafield tag="852" ind1=" " ind2=" ">
   <subfield code="a">INST</subfield>
   <subfield code="b">UNIPILB</subfield>
   <subfield code="c">SERIALS</subfield>
   <subfield code="e">20050216</subfield>
   <subfield code="h">Αλφαβητική σειρά</subfield>
   <subfield code="p">40234</subfield>
   <subfield code="q">40234</subfield>
   <subfield code="t">NOLOAN</subfield>
   <subfield code="v">no.11;part.1 GPR:(Έτος)2003</subfield>
   <subfield code="y">23</subfield>
  </datafield>
  <datafield tag="852" ind1=" " ind2=" ">
   <subfield code="a">INST</subfield>
   <subfield code="b">UNIPILB</subfield>
   <subfield code="c">SERIALS</subfield>
   <subfield code="e">20050315</subfield>
   <subfield code="h">Αλφαβητική σειρά</subfield>
   <subfield code="p">41295</subfield>
   <subfield code="q">41295</subfield>
   <subfield code="t">NOLOAN</subfield>
   <subfield code="v">vol.48;no.1:(Έτος)2002</subfield>
   <subfield code="y">23</subfield>
  </datafield>
  <datafield tag="852" ind1=" " ind2=" ">
   <subfield code="a">INST</subfield>
   <subfield code="b">UNIPILB</subfield>
   <subfield code="c">SERIALS</subfield>
   <subfield code="e">20050315</subfield>
   <subfield code="h">Αλφαβητική σειρά</subfield>
   <subfield code="p">41296</subfield>
   <subfield code="q">41296</subfield>
   <subfield code="t">NOLOAN</subfield>
   <subfield code="v">vol.48;no.2:(Έτος)2002</subfield>
   <subfield code="y">23</subfield>
  </datafield>
  <datafield tag="852" ind1=" " ind2=" ">
   <subfield code="a">INST</subfield>
   <subfield code="b">UNIPILB</subfield>
   <subfield code="c">SERIALS</subfield>
   <subfield code="e">20050315</subfield>
   <subfield code="h">Αλφαβητική σειρά</subfield>
   <subfield code="p">41297</subfield>
   <subfield code="q">41297</subfield>
   <subfield code="t">NOLOAN</subfield>
   <subfield code="v">vol.48;no.3:(Έτος)2002</subfield>
   <subfield code="y">23</subfield>
  </datafield>
  <datafield tag="852" ind1=" " ind2=" ">
   <subfield code="a">INST</subfield>
   <subfield code="b">UNIPILB</subfield>
   <subfield code="c">SERIALS</subfield>
   <subfield code="e">20050315</subfield>
   <subfield code="h">Αλφαβητική σειρά</subfield>
   <subfield code="p">41298</subfield>
   <subfield code="q">41298</subfield>
   <subfield code="t">NOLOAN</subfield>
   <subfield code="v">vol.48;no.6:(Έτος)2002</subfield>
   <subfield code="y">23</subfield>
  </datafield>
  <datafield tag="852" ind1=" " ind2=" ">
   <subfield code="a">INST</subfield>
   <subfield code="b">UNIPILB</subfield>
   <subfield code="c">SERIALS</subfield>
   <subfield code="e">20050315</subfield>
   <subfield code="h">Αλφαβητική σειρά</subfield>
   <subfield code="p">41299</subfield>
   <subfield code="q">41299</subfield>
   <subfield code="t">NOLOAN</subfield>
   <subfield code="v">vol.48;no.8:(Έτος)2002</subfield>
   <subfield code="y">23</subfield>
  </datafield>
  <datafield tag="852" ind1=" " ind2=" ">
   <subfield code="a">INST</subfield>
   <subfield code="b">UNIPILB</subfield>
   <subfield code="c">SERIALS</subfield>
   <subfield code="e">20050315</subfield>
   <subfield code="h">Αλφαβητική σειρά</subfield>
   <subfield code="p">41300</subfield>
   <subfield code="q">41300</subfield>
   <subfield code="t">NOLOAN</subfield>
   <subfield code="v">vol.48;no.9:(Έτος)2002</subfield>
   <subfield code="y">23</subfield>
  </datafield>
  <datafield tag="852" ind1=" " ind2=" ">
   <subfield code="a">INST</subfield>
   <subfield code="b">UNIPILB</subfield>
   <subfield code="c">SERIALS</subfield>
   <subfield code="e">20050315</subfield>
   <subfield code="h">Αλφαβητική σειρά</subfield>
   <subfield code="p">41301</subfield>
   <subfield code="q">41301</subfield>
   <subfield code="t">NOLOAN</subfield>
   <subfield code="v">vol.48;no.10:(Έτος)2002</subfield>
   <subfield code="y">23</subfield>
  </datafield>
  <datafield tag="852" ind1=" " ind2=" ">
   <subfield code="a">INST</subfield>
   <subfield code="b">UNIPILB</subfield>
   <subfield code="c">SERIALS</subfield>
   <subfield code="e">20050405</subfield>
   <subfield code="h">Αλφαβητική σειρά</subfield>
   <subfield code="p">42131</subfield>
   <subfield code="q">42131</subfield>
   <subfield code="t">NOLOAN</subfield>
   <subfield code="v">vol.50;no.1:(Έτος)2004</subfield>
   <subfield code="y">23</subfield>
  </datafield>
  <datafield tag="852" ind1=" " ind2=" ">
   <subfield code="a">INST</subfield>
   <subfield code="b">UNIPILB</subfield>
   <subfield code="c">SERIALS</subfield>
   <subfield code="e">20050405</subfield>
   <subfield code="h">Αλφαβητική σειρά</subfield>
   <subfield code="p">42132</subfield>
   <subfield code="q">42132</subfield>
   <subfield code="t">NOLOAN</subfield>
   <subfield code="v">vol.50;no.2:(Έτος)2004</subfield>
   <subfield code="y">23</subfield>
  </datafield>
  <datafield tag="852" ind1=" " ind2=" ">
   <subfield code="a">INST</subfield>
   <subfield code="b">UNIPILB</subfield>
   <subfield code="c">SERIALS</subfield>
   <subfield code="e">20050405</subfield>
   <subfield code="h">Αλφαβητική σειρά</subfield>
   <subfield code="p">42133</subfield>
   <subfield code="q">42133</subfield>
   <subfield code="t">NOLOAN</subfield>
   <subfield code="v">vol.50;no.3:(Έτος)2004</subfield>
   <subfield code="y">23</subfield>
  </datafield>
  <datafield tag="852" ind1=" " ind2=" ">
   <subfield code="a">INST</subfield>
   <subfield code="b">UNIPILB</subfield>
   <subfield code="c">SERIALS</subfield>
   <subfield code="e">20050405</subfield>
   <subfield code="h">Αλφαβητική σειρά</subfield>
   <subfield code="p">42134</subfield>
   <subfield code="q">42134</subfield>
   <subfield code="t">NOLOAN</subfield>
   <subfield code="v">vol.50;no.4:(Έτος)2004</subfield>
   <subfield code="y">23</subfield>
  </datafield>
  <datafield tag="852" ind1=" " ind2=" ">
   <subfield code="a">INST</subfield>
   <subfield code="b">UNIPILB</subfield>
   <subfield code="c">SERIALS</subfield>
   <subfield code="e">20050405</subfield>
   <subfield code="h">Αλφαβητική σειρά</subfield>
   <subfield code="p">42135</subfield>
   <subfield code="q">42135</subfield>
   <subfield code="t">NOLOAN</subfield>
   <subfield code="v">vol.50;no.6:(Έτος)2004</subfield>
   <subfield code="y">23</subfield>
  </datafield>
  <datafield tag="852" ind1=" " ind2=" ">
   <subfield code="a">INST</subfield>
   <subfield code="b">UNIPILB</subfield>
   <subfield code="c">SERIALS</subfield>
   <subfield code="e">20050405</subfield>
   <subfield code="h">Αλφαβητική σειρά</subfield>
   <subfield code="p">42136</subfield>
   <subfield code="q">42136</subfield>
   <subfield code="t">NOLOAN</subfield>
   <subfield code="v">vol.50;no.7:(Έτος)2004</subfield>
   <subfield code="y">23</subfield>
  </datafield>
  <datafield tag="852" ind1=" " ind2=" ">
   <subfield code="a">INST</subfield>
   <subfield code="b">UNIPILB</subfield>
   <subfield code="c">SERIALS</subfield>
   <subfield code="e">20050405</subfield>
   <subfield code="h">Αλφαβητική σειρά</subfield>
   <subfield code="p">42137</subfield>
   <subfield code="q">42137</subfield>
   <subfield code="t">NOLOAN</subfield>
   <subfield code="v">vol.50;no.8:(Έτος)2004</subfield>
   <subfield code="y">23</subfield>
  </datafield>
  <datafield tag="852" ind1=" " ind2=" ">
   <subfield code="a">INST</subfield>
   <subfield code="b">UNIPILB</subfield>
   <subfield code="c">SERIALS</subfield>
   <subfield code="e">20051014</subfield>
   <subfield code="h">Αλφαβητική σειρά</subfield>
   <subfield code="p">47531</subfield>
   <subfield code="q">47531</subfield>
   <subfield code="t">NOLOAN</subfield>
   <subfield code="v">vol.50;no.5:(Έτος)2004</subfield>
   <subfield code="y">23</subfield>
  </datafield>
  <datafield tag="852" ind1=" " ind2=" ">
   <subfield code="a">INST</subfield>
   <subfield code="b">UNIPILB</subfield>
   <subfield code="c">SERIALS</subfield>
   <subfield code="e">20051014</subfield>
   <subfield code="h">Αλφαβητική σειρά</subfield>
   <subfield code="p">47532</subfield>
   <subfield code="q">47532</subfield>
   <subfield code="t">NOLOAN</subfield>
   <subfield code="v">vol.50;no.9:(Έτος)2004</subfield>
   <subfield code="y">23</subfield>
  </datafield>
  <datafield tag="852" ind1=" " ind2=" ">
   <subfield code="a">INST</subfield>
   <subfield code="b">UNIPILB</subfield>
   <subfield code="c">SERIALS</subfield>
   <subfield code="e">20051014</subfield>
   <subfield code="h">Αλφαβητική σειρά</subfield>
   <subfield code="p">47533</subfield>
   <subfield code="q">47533</subfield>
   <subfield code="t">NOLOAN</subfield>
   <subfield code="v">vol.50;no.10:(Έτος)2004</subfield>
   <subfield code="y">23</subfield>
  </datafield>
  <datafield tag="852" ind1=" " ind2=" ">
   <subfield code="a">INST</subfield>
   <subfield code="b">UNIPILB</subfield>
   <subfield code="c">SERIALS</subfield>
   <subfield code="e">20051014</subfield>
   <subfield code="h">Αλφαβητική σειρά</subfield>
   <subfield code="p">47534</subfield>
   <subfield code="q">47534</subfield>
   <subfield code="t">NOLOAN</subfield>
   <subfield code="v">vol.50;no.11:(Έτος)2004</subfield>
   <subfield code="y">23</subfield>
  </datafield>
  <datafield tag="852" ind1=" " ind2=" ">
   <subfield code="a">INST</subfield>
   <subfield code="b">UNIPILB</subfield>
   <subfield code="c">SERIALS</subfield>
   <subfield code="e">20051014</subfield>
   <subfield code="h">Αλφαβητική σειρά</subfield>
   <subfield code="p">47535</subfield>
   <subfield code="q">47535</subfield>
   <subfield code="t">NOLOAN</subfield>
   <subfield code="v">vol.50;no.12:(Έτος)2004</subfield>
   <subfield code="y">23</subfield>
  </datafield>
  <datafield tag="852" ind1=" " ind2=" ">
   <subfield code="a">INST</subfield>
   <subfield code="b">UNIPILB</subfield>
   <subfield code="c">SERIALS</subfield>
   <subfield code="e">20051017</subfield>
   <subfield code="h">Αλφαβητική σειρά</subfield>
   <subfield code="p">47546</subfield>
   <subfield code="q">47546</subfield>
   <subfield code="t">NOLOAN</subfield>
   <subfield code="v">vol.50:(Έτος)2004</subfield>
   <subfield code="y">23</subfield>
  </datafield>
  <datafield tag="852" ind1=" " ind2=" ">
   <subfield code="a">INST</subfield>
   <subfield code="b">UNIPILB</subfield>
   <subfield code="c">SERIALS</subfield>
   <subfield code="e">20051017</subfield>
   <subfield code="h">Αλφαβητική σειρά</subfield>
   <subfield code="p">47548</subfield>
   <subfield code="q">47548</subfield>
   <subfield code="t">NOLOAN</subfield>
   <subfield code="v">no.3;part.2 International Dispute Resolution:(Έτος)2004</subfield>
   <subfield code="y">23</subfield>
  </datafield>
  <datafield tag="852" ind1=" " ind2=" ">
   <subfield code="a">INST</subfield>
   <subfield code="b">UNIPILB</subfield>
   <subfield code="c">SERIALS</subfield>
   <subfield code="e">20051216</subfield>
   <subfield code="h">Αλφαβητική σειρά</subfield>
   <subfield code="p">49182</subfield>
   <subfield code="q">49182</subfield>
   <subfield code="t">NOLOAN</subfield>
   <subfield code="v">vol.51;no.1:(Έτος)2005</subfield>
   <subfield code="y">23</subfield>
  </datafield>
  <datafield tag="852" ind1=" " ind2=" ">
   <subfield code="a">INST</subfield>
   <subfield code="b">UNIPILB</subfield>
   <subfield code="c">SERIALS</subfield>
   <subfield code="e">20051216</subfield>
   <subfield code="h">Αλφαβητική σειρά</subfield>
   <subfield code="p">49183</subfield>
   <subfield code="q">49183</subfield>
   <subfield code="t">NOLOAN</subfield>
   <subfield code="v">vol.51;no.2:(Έτος)2005</subfield>
   <subfield code="y">23</subfield>
  </datafield>
  <datafield tag="852" ind1=" " ind2=" ">
   <subfield code="a">INST</subfield>
   <subfield code="b">UNIPILB</subfield>
   <subfield code="c">SERIALS</subfield>
   <subfield code="e">20051216</subfield>
   <subfield code="h">Αλφαβητική σειρά</subfield>
   <subfield code="p">49184</subfield>
   <subfield code="q">49184</subfield>
   <subfield code="t">NOLOAN</subfield>
   <subfield code="v">vol.51;no.3:(Έτος)2005</subfield>
   <subfield code="y">23</subfield>
  </datafield>
  <datafield tag="852" ind1=" " ind2=" ">
   <subfield code="a">INST</subfield>
   <subfield code="b">UNIPILB</subfield>
   <subfield code="c">SERIALS</subfield>
   <subfield code="e">20051216</subfield>
   <subfield code="h">Αλφαβητική σειρά</subfield>
   <subfield code="p">49185</subfield>
   <subfield code="q">49185</subfield>
   <subfield code="t">NOLOAN</subfield>
   <subfield code="v">vol.51;no.4:(Έτος)2005</subfield>
   <subfield code="y">23</subfield>
  </datafield>
  <datafield tag="852" ind1=" " ind2=" ">
   <subfield code="a">INST</subfield>
   <subfield code="b">UNIPILB</subfield>
   <subfield code="c">SERIALS</subfield>
   <subfield code="e">20051216</subfield>
   <subfield code="h">Αλφαβητική σειρά</subfield>
   <subfield code="p">49186</subfield>
   <subfield code="q">49186</subfield>
   <subfield code="t">NOLOAN</subfield>
   <subfield code="v">vol.51;no.5:(Έτος)2005</subfield>
   <subfield code="y">23</subfield>
  </datafield>
  <datafield tag="852" ind1=" " ind2=" ">
   <subfield code="a">INST</subfield>
   <subfield code="b">UNIPILB</subfield>
   <subfield code="c">SERIALS</subfield>
   <subfield code="e">20051216</subfield>
   <subfield code="h">Αλφαβητική σειρά</subfield>
   <subfield code="p">49187</subfield>
   <subfield code="q">49187</subfield>
   <subfield code="t">NOLOAN</subfield>
   <subfield code="v">vol.51;no.6:(Έτος)2005</subfield>
   <subfield code="y">23</subfield>
  </datafield>
  <datafield tag="852" ind1=" " ind2=" ">
   <subfield code="a">INST</subfield>
   <subfield code="b">UNIPILB</subfield>
   <subfield code="c">SERIALS</subfield>
   <subfield code="e">20051216</subfield>
   <subfield code="h">Αλφαβητική σειρά</subfield>
   <subfield code="p">49188</subfield>
   <subfield code="q">49188</subfield>
   <subfield code="t">NOLOAN</subfield>
   <subfield code="v">vol.51;no.7:(Έτος)2005</subfield>
   <subfield code="y">23</subfield>
  </datafield>
  <datafield tag="852" ind1=" " ind2=" ">
   <subfield code="a">INST</subfield>
   <subfield code="b">UNIPILB</subfield>
   <subfield code="c">SERIALS</subfield>
   <subfield code="e">20051216</subfield>
   <subfield code="h">Αλφαβητική σειρά</subfield>
   <subfield code="p">49189</subfield>
   <subfield code="q">49189</subfield>
   <subfield code="t">NOLOAN</subfield>
   <subfield code="v">vol.51;no.8:(Έτος)2005</subfield>
   <subfield code="y">23</subfield>
  </datafield>
  <datafield tag="852" ind1=" " ind2=" ">
   <subfield code="a">INST</subfield>
   <subfield code="b">UNIPILB</subfield>
   <subfield code="c">SERIALS</subfield>
   <subfield code="e">20051216</subfield>
   <subfield code="h">Αλφαβητική σειρά</subfield>
   <subfield code="p">49190</subfield>
   <subfield code="q">49190</subfield>
   <subfield code="t">NOLOAN</subfield>
   <subfield code="v">vol.51;no.9:(Έτος)2005</subfield>
   <subfield code="y">23</subfield>
  </datafield>
  <datafield tag="852" ind1=" " ind2=" ">
   <subfield code="a">INST</subfield>
   <subfield code="b">UNIPILB</subfield>
   <subfield code="c">SERIALS</subfield>
   <subfield code="e">20051216</subfield>
   <subfield code="h">Αλφαβητική σειρά</subfield>
   <subfield code="p">49191</subfield>
   <subfield code="q">49191</subfield>
   <subfield code="t">NOLOAN</subfield>
   <subfield code="v">vol.51;no.10:(Έτος)2005</subfield>
   <subfield code="y">23</subfield>
  </datafield>
  <datafield tag="852" ind1=" " ind2=" ">
   <subfield code="a">INST</subfield>
   <subfield code="b">UNIPILB</subfield>
   <subfield code="c">SERIALS</subfield>
   <subfield code="e">20051216</subfield>
   <subfield code="h">Αλφαβητική σειρά</subfield>
   <subfield code="p">49192</subfield>
   <subfield code="q">49192</subfield>
   <subfield code="t">NOLOAN</subfield>
   <subfield code="v">vol.51;no.11:(Έτος)2005</subfield>
   <subfield code="y">23</subfield>
  </datafield>
  <datafield tag="852" ind1=" " ind2=" ">
   <subfield code="a">INST</subfield>
   <subfield code="b">UNIPILB</subfield>
   <subfield code="c">SERIALS</subfield>
   <subfield code="e">20060120</subfield>
   <subfield code="h">Αλφαβητική σειρά</subfield>
   <subfield code="p">49792</subfield>
   <subfield code="q">49792</subfield>
   <subfield code="t">NOLOAN</subfield>
   <subfield code="v">vol.51;no.12:(Έτος)2005</subfield>
   <subfield code="y">23</subfield>
  </datafield>
  <datafield tag="852" ind1=" " ind2=" ">
   <subfield code="a">INST</subfield>
   <subfield code="b">UNIPILB</subfield>
   <subfield code="c">SERIALS</subfield>
   <subfield code="e">20060405</subfield>
   <subfield code="h">Αλφαβητική σειρά</subfield>
   <subfield code="p">51130</subfield>
   <subfield code="q">51130</subfield>
   <subfield code="t">NOLOAN</subfield>
   <subfield code="v">vol.51 Jahrgang:(Έτος)2005</subfield>
   <subfield code="y">23</subfield>
  </datafield>
  <datafield tag="852" ind1=" " ind2=" ">
   <subfield code="a">INST</subfield>
   <subfield code="b">UNIPILB</subfield>
   <subfield code="c">SERIALS</subfield>
   <subfield code="e">20091124</subfield>
   <subfield code="h">Αλφαβητική σειρά</subfield>
   <subfield code="p">65444</subfield>
   <subfield code="q">65444</subfield>
   <subfield code="t">NOLOAN</subfield>
   <subfield code="v">vol.55;no.8:(Έτος)2009</subfield>
   <subfield code="y">23</subfield>
  </datafield>
  <datafield tag="852" ind1=" " ind2=" ">
   <subfield code="a">INST</subfield>
   <subfield code="b">UNIPILB</subfield>
   <subfield code="c">SERIALS</subfield>
   <subfield code="e">20100205</subfield>
   <subfield code="h">Αλφαβητική σειρά</subfield>
   <subfield code="p">66676</subfield>
   <subfield code="q">66676</subfield>
   <subfield code="t">NOLOAN</subfield>
   <subfield code="v">vol.55;no.1-2:(Έτος)2009</subfield>
   <subfield code="y">23</subfield>
  </datafield>
  <datafield tag="852" ind1=" " ind2=" ">
   <subfield code="a">INST</subfield>
   <subfield code="b">UNIPILB</subfield>
   <subfield code="c">SERIALS</subfield>
   <subfield code="e">20100205</subfield>
   <subfield code="h">Αλφαβητική σειρά</subfield>
   <subfield code="p">66677</subfield>
   <subfield code="q">66677</subfield>
   <subfield code="t">NOLOAN</subfield>
   <subfield code="v">vol.55;no.3:(Έτος)2009</subfield>
   <subfield code="y">23</subfield>
  </datafield>
  <datafield tag="852" ind1=" " ind2=" ">
   <subfield code="a">INST</subfield>
   <subfield code="b">UNIPILB</subfield>
   <subfield code="c">SERIALS</subfield>
   <subfield code="e">20100205</subfield>
   <subfield code="h">Αλφαβητική σειρά</subfield>
   <subfield code="p">66678</subfield>
   <subfield code="q">66678</subfield>
   <subfield code="t">NOLOAN</subfield>
   <subfield code="v">vol.55;no.4:(Έτος)2009</subfield>
   <subfield code="y">23</subfield>
  </datafield>
  <datafield tag="852" ind1=" " ind2=" ">
   <subfield code="a">INST</subfield>
   <subfield code="b">UNIPILB</subfield>
   <subfield code="c">SERIALS</subfield>
   <subfield code="e">20100205</subfield>
   <subfield code="h">Αλφαβητική σειρά</subfield>
   <subfield code="p">66679</subfield>
   <subfield code="q">66679</subfield>
   <subfield code="t">NOLOAN</subfield>
   <subfield code="v">vol.55;no.5:(Έτος)2009</subfield>
   <subfield code="y">23</subfield>
  </datafield>
  <datafield tag="852" ind1=" " ind2=" ">
   <subfield code="a">INST</subfield>
   <subfield code="b">UNIPILB</subfield>
   <subfield code="c">SERIALS</subfield>
   <subfield code="e">20100205</subfield>
   <subfield code="h">Αλφαβητική σειρά</subfield>
   <subfield code="p">66680</subfield>
   <subfield code="q">66680</subfield>
   <subfield code="t">NOLOAN</subfield>
   <subfield code="v">vol.55;no.6:(Έτος)2009</subfield>
   <subfield code="y">23</subfield>
  </datafield>
  <datafield tag="852" ind1=" " ind2=" ">
   <subfield code="a">INST</subfield>
   <subfield code="b">UNIPILB</subfield>
   <subfield code="c">SERIALS</subfield>
   <subfield code="e">20100205</subfield>
   <subfield code="h">Αλφαβητική σειρά</subfield>
   <subfield code="p">66681</subfield>
   <subfield code="q">66681</subfield>
   <subfield code="t">NOLOAN</subfield>
   <subfield code="v">vol.55;no.7:(Έτος)2009</subfield>
   <subfield code="y">23</subfield>
  </datafield>
  <datafield tag="852" ind1=" " ind2=" ">
   <subfield code="a">INST</subfield>
   <subfield code="b">UNIPILB</subfield>
   <subfield code="c">SERIALS</subfield>
   <subfield code="e">20100205</subfield>
   <subfield code="h">Αλφαβητική σειρά</subfield>
   <subfield code="p">66682</subfield>
   <subfield code="q">66682</subfield>
   <subfield code="t">NOLOAN</subfield>
   <subfield code="v">vol.55;no.9:(Έτος)2009</subfield>
   <subfield code="y">23</subfield>
  </datafield>
  <datafield tag="852" ind1=" " ind2=" ">
   <subfield code="a">INST</subfield>
   <subfield code="b">UNIPILB</subfield>
   <subfield code="c">SERIALS</subfield>
   <subfield code="e">20100205</subfield>
   <subfield code="h">Αλφαβητική σειρά</subfield>
   <subfield code="p">66683</subfield>
   <subfield code="q">66683</subfield>
   <subfield code="t">NOLOAN</subfield>
   <subfield code="v">vol.55;no.10:(Έτος)2009</subfield>
   <subfield code="y">23</subfield>
  </datafield>
  <datafield tag="852" ind1=" " ind2=" ">
   <subfield code="a">INST</subfield>
   <subfield code="b">UNIPILB</subfield>
   <subfield code="c">SERIALS</subfield>
   <subfield code="e">20100205</subfield>
   <subfield code="h">Αλφαβητική σειρά</subfield>
   <subfield code="p">66684</subfield>
   <subfield code="q">66684</subfield>
   <subfield code="t">NOLOAN</subfield>
   <subfield code="v">vol.55;no.11:(Έτος)2009</subfield>
   <subfield code="y">23</subfield>
  </datafield>
  <datafield tag="852" ind1=" " ind2=" ">
   <subfield code="a">INST</subfield>
   <subfield code="b">UNIPILB</subfield>
   <subfield code="c">SERIALS</subfield>
   <subfield code="e">20100205</subfield>
   <subfield code="h">Αλφαβητική σειρά</subfield>
   <subfield code="p">66685</subfield>
   <subfield code="q">66685</subfield>
   <subfield code="t">NOLOAN</subfield>
   <subfield code="v">vol.55;no.12:(Έτος)2009</subfield>
   <subfield code="y">23</subfield>
  </datafield>
  <datafield tag="852" ind1=" " ind2=" ">
   <subfield code="a">INST</subfield>
   <subfield code="b">UNIPILB</subfield>
   <subfield code="c">SERIALS</subfield>
   <subfield code="e">20100706</subfield>
   <subfield code="h">Αλφαβητική σειρά</subfield>
   <subfield code="p">69371</subfield>
   <subfield code="q">69371</subfield>
   <subfield code="t">NOLOAN</subfield>
   <subfield code="v">vol.56;no.5:(Έτος)2010</subfield>
   <subfield code="y">23</subfield>
  </datafield>
  <datafield tag="852" ind1=" " ind2=" ">
   <subfield code="a">INST</subfield>
   <subfield code="b">UNIPILB</subfield>
   <subfield code="c">SERIALS</subfield>
   <subfield code="e">20100706</subfield>
   <subfield code="h">Αλφαβητική σειρά</subfield>
   <subfield code="p">69372</subfield>
   <subfield code="q">69372</subfield>
   <subfield code="t">NOLOAN</subfield>
   <subfield code="v">vol.56;no.6:(Έτος)2010</subfield>
   <subfield code="y">23</subfield>
  </datafield>
  <datafield tag="852" ind1=" " ind2=" ">
   <subfield code="a">INST</subfield>
   <subfield code="b">UNIPILB</subfield>
   <subfield code="c">SERIALS</subfield>
   <subfield code="e">20100706</subfield>
   <subfield code="h">Αλφαβητική σειρά</subfield>
   <subfield code="p">69379</subfield>
   <subfield code="q">69379</subfield>
   <subfield code="t">NOLOAN</subfield>
   <subfield code="v">vol.56;no.3:(Έτος)2010</subfield>
   <subfield code="y">23</subfield>
  </datafield>
  <datafield tag="852" ind1=" " ind2=" ">
   <subfield code="a">INST</subfield>
   <subfield code="b">UNIPILB</subfield>
   <subfield code="c">SERIALS</subfield>
   <subfield code="e">20100706</subfield>
   <subfield code="h">Αλφαβητική σειρά</subfield>
   <subfield code="p">69380</subfield>
   <subfield code="q">69380</subfield>
   <subfield code="t">NOLOAN</subfield>
   <subfield code="v">vol.56;no.1-2:(Έτος)2010</subfield>
   <subfield code="y">23</subfield>
  </datafield>
  <datafield tag="852" ind1=" " ind2=" ">
   <subfield code="a">INST</subfield>
   <subfield code="b">UNIPILB</subfield>
   <subfield code="c">SERIALS</subfield>
   <subfield code="e">20100706</subfield>
   <subfield code="h">Αλφαβητική σειρά</subfield>
   <subfield code="p">69381</subfield>
   <subfield code="q">69381</subfield>
   <subfield code="t">NOLOAN</subfield>
   <subfield code="v">vol.56;no.4:(Έτος)2010</subfield>
   <subfield code="y">23</subfield>
  </datafield>
  <datafield tag="852" ind1=" " ind2=" ">
   <subfield code="a">INST</subfield>
   <subfield code="b">UNIPILB</subfield>
   <subfield code="c">SERIALS</subfield>
   <subfield code="e">20100909</subfield>
   <subfield code="h">Αλφαβητική σειρά</subfield>
   <subfield code="p">69810</subfield>
   <subfield code="q">69810</subfield>
   <subfield code="t">NOLOAN</subfield>
   <subfield code="v">vol.56;no.7:(Έτος)2010</subfield>
   <subfield code="y">23</subfield>
  </datafield>
  <datafield tag="852" ind1=" " ind2=" ">
   <subfield code="a">INST</subfield>
   <subfield code="b">UNIPILB</subfield>
   <subfield code="c">SERIALS</subfield>
   <subfield code="e">20101007</subfield>
   <subfield code="h">Αλφαβητική σειρά</subfield>
   <subfield code="p">70077</subfield>
   <subfield code="q">70077</subfield>
   <subfield code="t">NOLOAN</subfield>
   <subfield code="v">vol.56;no.9:(Έτος)2010</subfield>
   <subfield code="y">23</subfield>
  </datafield>
  <datafield tag="852" ind1=" " ind2=" ">
   <subfield code="a">INST</subfield>
   <subfield code="b">UNIPILB</subfield>
   <subfield code="c">SERIALS</subfield>
   <subfield code="e">20101007</subfield>
   <subfield code="h">Αλφαβητική σειρά</subfield>
   <subfield code="p">70078</subfield>
   <subfield code="q">70078</subfield>
   <subfield code="t">NOLOAN</subfield>
   <subfield code="v">vol.56;no.8:(Έτος)2010</subfield>
   <subfield code="y">23</subfield>
  </datafield>
  <datafield tag="852" ind1=" " ind2=" ">
   <subfield code="a">INST</subfield>
   <subfield code="b">UNIPILB</subfield>
   <subfield code="c">SERIALS</subfield>
   <subfield code="e">20101124</subfield>
   <subfield code="h">Αλφαβητική σειρά</subfield>
   <subfield code="p">70659</subfield>
   <subfield code="q">70659</subfield>
   <subfield code="t">NOLOAN</subfield>
   <subfield code="v">vol.56;no.10:(Έτος)2010</subfield>
   <subfield code="y">23</subfield>
  </datafield>
  <datafield tag="852" ind1=" " ind2=" ">
   <subfield code="a">INST</subfield>
   <subfield code="b">UNIPILB</subfield>
   <subfield code="c">SERIALS</subfield>
   <subfield code="e">20110118</subfield>
   <subfield code="h">Αλφαβητική σειρά</subfield>
   <subfield code="p">70820</subfield>
   <subfield code="q">70820</subfield>
   <subfield code="t">NOLOAN</subfield>
   <subfield code="v">vol.56;no.11:(Έτος)2010</subfield>
   <subfield code="y">23</subfield>
  </datafield>
  <datafield tag="852" ind1=" " ind2=" ">
   <subfield code="a">INST</subfield>
   <subfield code="b">UNIPILB</subfield>
   <subfield code="c">SERIALS</subfield>
   <subfield code="e">20110125</subfield>
   <subfield code="h">Αλφαβητική σειρά</subfield>
   <subfield code="p">70930</subfield>
   <subfield code="q">70930</subfield>
   <subfield code="t">NOLOAN</subfield>
   <subfield code="v">vol.56;no.12:(Έτος)2010</subfield>
   <subfield code="y">23</subfield>
  </datafield>
  <datafield tag="852" ind1=" " ind2=" ">
   <subfield code="a">INST</subfield>
   <subfield code="b">UNIPILB</subfield>
   <subfield code="c">SERIALS</subfield>
   <subfield code="e">20110830</subfield>
   <subfield code="h">Αλφαβητική σειρά</subfield>
   <subfield code="p">72587</subfield>
   <subfield code="q">72587</subfield>
   <subfield code="t">NOLOAN</subfield>
   <subfield code="v">vol.57;no.1-2:(Έτος)2011</subfield>
   <subfield code="y">23</subfield>
  </datafield>
  <datafield tag="852" ind1=" " ind2=" ">
   <subfield code="a">INST</subfield>
   <subfield code="b">UNIPILB</subfield>
   <subfield code="c">SERIALS</subfield>
   <subfield code="e">20110830</subfield>
   <subfield code="h">Αλφαβητική σειρά</subfield>
   <subfield code="p">72588</subfield>
   <subfield code="q">72588</subfield>
   <subfield code="t">NOLOAN</subfield>
   <subfield code="v">vol.57;no.3:(Έτος)2011</subfield>
   <subfield code="y">23</subfield>
  </datafield>
  <datafield tag="852" ind1=" " ind2=" ">
   <subfield code="a">INST</subfield>
   <subfield code="b">UNIPILB</subfield>
   <subfield code="c">SERIALS</subfield>
   <subfield code="e">20110830</subfield>
   <subfield code="h">Αλφαβητική σειρά</subfield>
   <subfield code="p">72589</subfield>
   <subfield code="q">72589</subfield>
   <subfield code="t">NOLOAN</subfield>
   <subfield code="v">vol.57;no.4:(Έτος)2011</subfield>
   <subfield code="y">23</subfield>
  </datafield>
  <datafield tag="852" ind1=" " ind2=" ">
   <subfield code="a">INST</subfield>
   <subfield code="b">UNIPILB</subfield>
   <subfield code="c">SERIALS</subfield>
   <subfield code="e">20110830</subfield>
   <subfield code="h">Αλφαβητική σειρά</subfield>
   <subfield code="p">72590</subfield>
   <subfield code="q">72590</subfield>
   <subfield code="t">NOLOAN</subfield>
   <subfield code="v">vol.57;no.5:(Έτος)2011</subfield>
   <subfield code="y">23</subfield>
  </datafield>
  <datafield tag="852" ind1=" " ind2=" ">
   <subfield code="a">INST</subfield>
   <subfield code="b">UNIPILB</subfield>
   <subfield code="c">SERIALS</subfield>
   <subfield code="e">20110830</subfield>
   <subfield code="h">Αλφαβητική σειρά</subfield>
   <subfield code="p">72591</subfield>
   <subfield code="q">72591</subfield>
   <subfield code="t">NOLOAN</subfield>
   <subfield code="v">vol.57;no.6:(Έτος)2011</subfield>
   <subfield code="y">23</subfield>
  </datafield>
  <datafield tag="852" ind1=" " ind2=" ">
   <subfield code="a">INST</subfield>
   <subfield code="b">UNIPILB</subfield>
   <subfield code="c">SERIALS</subfield>
   <subfield code="e">20110830</subfield>
   <subfield code="h">Αλφαβητική σειρά</subfield>
   <subfield code="p">72592</subfield>
   <subfield code="q">72592</subfield>
   <subfield code="t">NOLOAN</subfield>
   <subfield code="v">vol.57;no.7:(Έτος)2011</subfield>
   <subfield code="y">23</subfield>
  </datafield>
  <datafield tag="852" ind1=" " ind2=" ">
   <subfield code="a">INST</subfield>
   <subfield code="b">UNIPILB</subfield>
   <subfield code="c">SERIALS</subfield>
   <subfield code="e">20111003</subfield>
   <subfield code="h">Αλφαβητική σειρά</subfield>
   <subfield code="p">72891</subfield>
   <subfield code="q">72891</subfield>
   <subfield code="t">NOLOAN</subfield>
   <subfield code="v">vol.57;no.9:(Έτος)2011</subfield>
   <subfield code="y">23</subfield>
  </datafield>
  <datafield tag="852" ind1=" " ind2=" ">
   <subfield code="a">INST</subfield>
   <subfield code="b">UNIPILB</subfield>
   <subfield code="c">SERIALS</subfield>
   <subfield code="e">20111003</subfield>
   <subfield code="h">Αλφαβητική σειρά</subfield>
   <subfield code="p">72914</subfield>
   <subfield code="q">72914</subfield>
   <subfield code="t">NOLOAN</subfield>
   <subfield code="v">vol.57;no.8:(Έτος)2011</subfield>
   <subfield code="y">23</subfield>
  </datafield>
  <datafield tag="852" ind1=" " ind2=" ">
   <subfield code="a">INST</subfield>
   <subfield code="b">UNIPILB</subfield>
   <subfield code="c">SERIALS</subfield>
   <subfield code="e">20111123</subfield>
   <subfield code="h">Αλφαβητική σειρά</subfield>
   <subfield code="p">73492</subfield>
   <subfield code="q">73492</subfield>
   <subfield code="t">NOLOAN</subfield>
   <subfield code="v">vol.57;no.10:(Έτος)2011</subfield>
   <subfield code="y">23</subfield>
  </datafield>
  <datafield tag="852" ind1=" " ind2=" ">
   <subfield code="a">INST</subfield>
   <subfield code="b">UNIPILB</subfield>
   <subfield code="c">SERIALS</subfield>
   <subfield code="e">20111207</subfield>
   <subfield code="h">Αλφαβητική σειρά</subfield>
   <subfield code="p">73717</subfield>
   <subfield code="q">73717</subfield>
   <subfield code="t">NOLOAN</subfield>
   <subfield code="v">vol.57;no.11:(Έτος)2011</subfield>
   <subfield code="y">23</subfield>
  </datafield>
  <datafield tag="852" ind1=" " ind2=" ">
   <subfield code="a">INST</subfield>
   <subfield code="b">UNIPILB</subfield>
   <subfield code="c">SERIALS</subfield>
   <subfield code="e">20120116</subfield>
   <subfield code="h">Αλφαβητική σειρά</subfield>
   <subfield code="p">73955</subfield>
   <subfield code="q">73955</subfield>
   <subfield code="t">NOLOAN</subfield>
   <subfield code="v">vol.57;no.12:(Έτος)2011</subfield>
   <subfield code="y">23</subfield>
  </datafield>
  <datafield tag="852" ind1=" " ind2=" ">
   <subfield code="a">INST</subfield>
   <subfield code="b">UNIPILB</subfield>
   <subfield code="c">SERIALS</subfield>
   <subfield code="e">20120702</subfield>
   <subfield code="h">Αλφαβητική σειρά</subfield>
   <subfield code="p">75946</subfield>
   <subfield code="q">75946</subfield>
   <subfield code="t">NOLOAN</subfield>
   <subfield code="v">vol.58;no.1-2:(Μήνας)January;(Έτος)2012</subfield>
   <subfield code="y">23</subfield>
  </datafield>
  <datafield tag="852" ind1=" " ind2=" ">
   <subfield code="a">INST</subfield>
   <subfield code="b">UNIPILB</subfield>
   <subfield code="c">SERIALS</subfield>
   <subfield code="e">20120702</subfield>
   <subfield code="h">Αλφαβητική σειρά</subfield>
   <subfield code="p">75947</subfield>
   <subfield code="q">75947</subfield>
   <subfield code="t">NOLOAN</subfield>
   <subfield code="v">vol.58;no.3:(Μήνας)March;(Έτος)2012</subfield>
   <subfield code="y">23</subfield>
  </datafield>
  <datafield tag="852" ind1=" " ind2=" ">
   <subfield code="a">INST</subfield>
   <subfield code="b">UNIPILB</subfield>
   <subfield code="c">SERIALS</subfield>
   <subfield code="e">20120702</subfield>
   <subfield code="h">Αλφαβητική σειρά</subfield>
   <subfield code="p">75948</subfield>
   <subfield code="q">75948</subfield>
   <subfield code="t">NOLOAN</subfield>
   <subfield code="v">vol.58;no.4:(Μήνας)April;(Έτος)2012</subfield>
   <subfield code="y">23</subfield>
  </datafield>
  <datafield tag="852" ind1=" " ind2=" ">
   <subfield code="a">INST</subfield>
   <subfield code="b">UNIPILB</subfield>
   <subfield code="c">SERIALS</subfield>
   <subfield code="e">20120702</subfield>
   <subfield code="h">Αλφαβητική σειρά</subfield>
   <subfield code="p">75949</subfield>
   <subfield code="q">75949</subfield>
   <subfield code="t">NOLOAN</subfield>
   <subfield code="v">vol.58;no.5:(Μήνας)May;(Έτος)2012</subfield>
   <subfield code="y">23</subfield>
  </datafield>
  <datafield tag="852" ind1=" " ind2=" ">
   <subfield code="a">INST</subfield>
   <subfield code="b">UNIPILB</subfield>
   <subfield code="c">SERIALS</subfield>
   <subfield code="e">20120702</subfield>
   <subfield code="h">Αλφαβητική σειρά</subfield>
   <subfield code="p">75950</subfield>
   <subfield code="q">75950</subfield>
   <subfield code="t">NOLOAN</subfield>
   <subfield code="v">vol.58;no.6:(Μήνας)June;(Έτος)2012</subfield>
   <subfield code="y">23</subfield>
  </datafield>
  <datafield tag="852" ind1=" " ind2=" ">
   <subfield code="a">INST</subfield>
   <subfield code="b">UNIPILB</subfield>
   <subfield code="c">SERIALS</subfield>
   <subfield code="e">20120828</subfield>
   <subfield code="h">Αλφαβητική σειρά</subfield>
   <subfield code="p">76300</subfield>
   <subfield code="q">76300</subfield>
   <subfield code="t">NOLOAN</subfield>
   <subfield code="v">vol.58;no.7:(Έτος)2012</subfield>
   <subfield code="y">23</subfield>
  </datafield>
  <datafield tag="852" ind1=" " ind2=" ">
   <subfield code="a">INST</subfield>
   <subfield code="b">UNIPILB</subfield>
   <subfield code="c">SERIALS</subfield>
   <subfield code="e">20120924</subfield>
   <subfield code="h">Αλφαβητική σειρά</subfield>
   <subfield code="p">76620</subfield>
   <subfield code="q">76620</subfield>
   <subfield code="t">NOLOAN</subfield>
   <subfield code="v">vol.58;no.8:(Μήνας)August;(Έτος)2012</subfield>
   <subfield code="y">23</subfield>
  </datafield>
  <datafield tag="852" ind1=" " ind2=" ">
   <subfield code="a">INST</subfield>
   <subfield code="b">UNIPILB</subfield>
   <subfield code="c">SERIALS</subfield>
   <subfield code="e">20121105</subfield>
   <subfield code="h">Αλφαβητική σειρά</subfield>
   <subfield code="p">77026</subfield>
   <subfield code="q">77026</subfield>
   <subfield code="t">NOLOAN</subfield>
   <subfield code="v">vol.58;no.9:(Έτος)2012</subfield>
   <subfield code="y">23</subfield>
  </datafield>
  <datafield tag="852" ind1=" " ind2=" ">
   <subfield code="a">INST</subfield>
   <subfield code="b">UNIPILB</subfield>
   <subfield code="c">SERIALS</subfield>
   <subfield code="e">20121105</subfield>
   <subfield code="h">Αλφαβητική σειρά</subfield>
   <subfield code="p">77027</subfield>
   <subfield code="q">77027</subfield>
   <subfield code="t">NOLOAN</subfield>
   <subfield code="v">vol.58;no.10:(Έτος)2012</subfield>
   <subfield code="y">23</subfield>
  </datafield>
  <datafield tag="852" ind1=" " ind2=" ">
   <subfield code="a">INST</subfield>
   <subfield code="b">UNIPILB</subfield>
   <subfield code="c">SERIALS</subfield>
   <subfield code="e">20121203</subfield>
   <subfield code="h">Αλφαβητική σειρά</subfield>
   <subfield code="p">77257</subfield>
   <subfield code="q">77257</subfield>
   <subfield code="t">NOLOAN</subfield>
   <subfield code="v">vol.58;no.11:(Έτος)2012</subfield>
   <subfield code="y">23</subfield>
  </datafield>
  <datafield tag="852" ind1=" " ind2=" ">
   <subfield code="a">INST</subfield>
   <subfield code="b">UNIPILB</subfield>
   <subfield code="c">SERIALS</subfield>
   <subfield code="e">20130114</subfield>
   <subfield code="h">Αλφαβητική σειρά</subfield>
   <subfield code="p">77475</subfield>
   <subfield code="q">77475</subfield>
   <subfield code="t">NOLOAN</subfield>
   <subfield code="v">vol.58;no.12:(Έτος)2012</subfield>
   <subfield code="y">23</subfield>
  </datafield>
  <datafield tag="852" ind1=" " ind2=" ">
   <subfield code="a">INST</subfield>
   <subfield code="b">UNIPILB</subfield>
   <subfield code="c">SERIALS</subfield>
   <subfield code="e">20130314</subfield>
   <subfield code="h">Αλφαβητική σειρά</subfield>
   <subfield code="p">78440</subfield>
   <subfield code="q">78440</subfield>
   <subfield code="t">NOLOAN</subfield>
   <subfield code="v">vol.Kommunikation &amp; Recht:(Έτος)2010</subfield>
   <subfield code="y">23</subfield>
  </datafield>
  <datafield tag="852" ind1=" " ind2=" ">
   <subfield code="a">INST</subfield>
   <subfield code="b">UNIPILB</subfield>
   <subfield code="c">SERIALS</subfield>
   <subfield code="e">20140318</subfield>
   <subfield code="h">Αλφαβητική σειρά</subfield>
   <subfield code="p">82434</subfield>
   <subfield code="q">82434</subfield>
   <subfield code="t">NOLOAN</subfield>
   <subfield code="v">vol.59;no.1-2:(Έτος)2013</subfield>
   <subfield code="y">23</subfield>
  </datafield>
  <datafield tag="852" ind1=" " ind2=" ">
   <subfield code="a">INST</subfield>
   <subfield code="b">UNIPILB</subfield>
   <subfield code="c">SERIALS</subfield>
   <subfield code="e">20140318</subfield>
   <subfield code="h">Αλφαβητική σειρά</subfield>
   <subfield code="p">82435</subfield>
   <subfield code="q">82435</subfield>
   <subfield code="t">NOLOAN</subfield>
   <subfield code="v">vol.59;no.3:(Έτος)2013</subfield>
   <subfield code="y">23</subfield>
  </datafield>
  <datafield tag="852" ind1=" " ind2=" ">
   <subfield code="a">INST</subfield>
   <subfield code="b">UNIPILB</subfield>
   <subfield code="c">SERIALS</subfield>
   <subfield code="e">20140318</subfield>
   <subfield code="h">Αλφαβητική σειρά</subfield>
   <subfield code="p">82436</subfield>
   <subfield code="q">82436</subfield>
   <subfield code="t">NOLOAN</subfield>
   <subfield code="v">vol.59;no.4:(Έτος)2013</subfield>
   <subfield code="y">23</subfield>
  </datafield>
  <datafield tag="852" ind1=" " ind2=" ">
   <subfield code="a">INST</subfield>
   <subfield code="b">UNIPILB</subfield>
   <subfield code="c">SERIALS</subfield>
   <subfield code="e">20140318</subfield>
   <subfield code="h">Αλφαβητική σειρά</subfield>
   <subfield code="p">82437</subfield>
   <subfield code="q">82437</subfield>
   <subfield code="t">NOLOAN</subfield>
   <subfield code="v">vol.59;no.5:(Έτος)2013</subfield>
   <subfield code="y">23</subfield>
  </datafield>
  <datafield tag="852" ind1=" " ind2=" ">
   <subfield code="a">INST</subfield>
   <subfield code="b">UNIPILB</subfield>
   <subfield code="c">SERIALS</subfield>
   <subfield code="e">20140318</subfield>
   <subfield code="h">Αλφαβητική σειρά</subfield>
   <subfield code="p">82438</subfield>
   <subfield code="q">82438</subfield>
   <subfield code="t">NOLOAN</subfield>
   <subfield code="v">vol.59;no.6:(Έτος)2013</subfield>
   <subfield code="y">23</subfield>
  </datafield>
  <datafield tag="852" ind1=" " ind2=" ">
   <subfield code="a">INST</subfield>
   <subfield code="b">UNIPILB</subfield>
   <subfield code="c">SERIALS</subfield>
   <subfield code="e">20140318</subfield>
   <subfield code="h">Αλφαβητική σειρά</subfield>
   <subfield code="p">82439</subfield>
   <subfield code="q">82439</subfield>
   <subfield code="t">NOLOAN</subfield>
   <subfield code="v">vol.59;no.7:(Έτος)2013</subfield>
   <subfield code="y">23</subfield>
  </datafield>
  <datafield tag="852" ind1=" " ind2=" ">
   <subfield code="a">INST</subfield>
   <subfield code="b">UNIPILB</subfield>
   <subfield code="c">SERIALS</subfield>
   <subfield code="e">20140318</subfield>
   <subfield code="h">Αλφαβητική σειρά</subfield>
   <subfield code="p">82440</subfield>
   <subfield code="q">82440</subfield>
   <subfield code="t">NOLOAN</subfield>
   <subfield code="v">vol.59;no.8:(Έτος)2013</subfield>
   <subfield code="y">23</subfield>
  </datafield>
  <datafield tag="852" ind1=" " ind2=" ">
   <subfield code="a">INST</subfield>
   <subfield code="b">UNIPILB</subfield>
   <subfield code="c">SERIALS</subfield>
   <subfield code="e">20140318</subfield>
   <subfield code="h">Αλφαβητική σειρά</subfield>
   <subfield code="p">82441</subfield>
   <subfield code="q">82441</subfield>
   <subfield code="t">NOLOAN</subfield>
   <subfield code="v">vol.59;no.9:(Έτος)2013</subfield>
   <subfield code="y">23</subfield>
  </datafield>
  <datafield tag="852" ind1=" " ind2=" ">
   <subfield code="a">INST</subfield>
   <subfield code="b">UNIPILB</subfield>
   <subfield code="c">SERIALS</subfield>
   <subfield code="e">20140318</subfield>
   <subfield code="h">Αλφαβητική σειρά</subfield>
   <subfield code="p">82442</subfield>
   <subfield code="q">82442</subfield>
   <subfield code="t">NOLOAN</subfield>
   <subfield code="v">vol.59;no.10:(Έτος)2013</subfield>
   <subfield code="y">23</subfield>
  </datafield>
  <datafield tag="852" ind1=" " ind2=" ">
   <subfield code="a">INST</subfield>
   <subfield code="b">UNIPILB</subfield>
   <subfield code="c">SERIALS</subfield>
   <subfield code="e">20140318</subfield>
   <subfield code="h">Αλφαβητική σειρά</subfield>
   <subfield code="p">82443</subfield>
   <subfield code="q">82443</subfield>
   <subfield code="t">NOLOAN</subfield>
   <subfield code="v">vol.59;no.11:(Έτος)2013</subfield>
   <subfield code="y">23</subfield>
  </datafield>
  <datafield tag="852" ind1=" " ind2=" ">
   <subfield code="a">INST</subfield>
   <subfield code="b">UNIPILB</subfield>
   <subfield code="c">SERIALS</subfield>
   <subfield code="e">20140318</subfield>
   <subfield code="h">Αλφαβητική σειρά</subfield>
   <subfield code="p">82444</subfield>
   <subfield code="q">82444</subfield>
   <subfield code="t">NOLOAN</subfield>
   <subfield code="v">vol.59;no.12:(Έτος)2013</subfield>
   <subfield code="y">23</subfield>
  </datafield>
  <datafield tag="852" ind1=" " ind2=" ">
   <subfield code="a">INST</subfield>
   <subfield code="b">UNIPILB</subfield>
   <subfield code="c">SERIALS</subfield>
   <subfield code="e">20140318</subfield>
   <subfield code="h">Αλφαβητική σειρά</subfield>
   <subfield code="p">82445</subfield>
   <subfield code="q">82445</subfield>
   <subfield code="t">NOLOAN</subfield>
   <subfield code="v">vol.60;no.1-2:(Έτος)2014</subfield>
   <subfield code="y">23</subfield>
  </datafield>
  <datafield tag="852" ind1=" " ind2=" ">
   <subfield code="a">INST</subfield>
   <subfield code="b">UNIPILB</subfield>
   <subfield code="c">SERIALS</subfield>
   <subfield code="e">20140331</subfield>
   <subfield code="h">Αλφαβητική σειρά</subfield>
   <subfield code="p">82638</subfield>
   <subfield code="q">82638</subfield>
   <subfield code="t">NOLOAN</subfield>
   <subfield code="v">vol.59 Register:</subfield>
   <subfield code="y">23</subfield>
  </datafield>
  <datafield tag="900" ind1=" " ind2=" ">
   <subfield code="a">GPR (Beilage 3 zu Heft 4/2004)</subfield>
   <subfield code="b">Αν/μενοISS</subfield>
   <subfield code="c">01/04/2004</subfield>
  </datafield>
  <datafield tag="900" ind1=" " ind2=" ">
   <subfield code="a">Vol. 52 no. 1 (2006)</subfield>
   <subfield code="b">Οφειλόμενο</subfield>
   <subfield code="c">03/10/2007</subfield>
  </datafield>
  <datafield tag="900" ind1=" " ind2=" ">
   <subfield code="a">Vol. 52 no. 2 (2006)</subfield>
   <subfield code="b">Οφειλόμενο</subfield>
   <subfield code="c">08/10/2007</subfield>
  </datafield>
  <datafield tag="900" ind1=" " ind2=" ">
   <subfield code="a">Vol. 52 no. 3 (2006)</subfield>
   <subfield code="b">Οφειλόμενο</subfield>
   <subfield code="c">24/11/2009</subfield>
  </datafield>
  <datafield tag="900" ind1=" " ind2=" ">
   <subfield code="a">Vol. 52 no. 4 (2006)</subfield>
   <subfield code="b">Οφειλόμενο</subfield>
   <subfield code="c">24/11/2009</subfield>
  </datafield>
  <datafield tag="900" ind1=" " ind2=" ">
   <subfield code="a">Vol. 52 no. 5 (2006)</subfield>
   <subfield code="b">Οφειλόμενο</subfield>
   <subfield code="c">24/11/2009</subfield>
  </datafield>
  <datafield tag="900" ind1=" " ind2=" ">
   <subfield code="a">Vol. 52 no. 6 (2006)</subfield>
   <subfield code="b">Οφειλόμενο</subfield>
   <subfield code="c">24/11/2009</subfield>
  </datafield>
  <datafield tag="900" ind1=" " ind2=" ">
   <subfield code="a">Vol. 52 no. 7 (2006)</subfield>
   <subfield code="b">Οφειλόμενο</subfield>
   <subfield code="c">24/11/2009</subfield>
  </datafield>
  <datafield tag="900" ind1=" " ind2=" ">
   <subfield code="a">Vol. 52 no. 8 (2006)</subfield>
   <subfield code="b">Οφειλόμενο</subfield>
   <subfield code="c">24/11/2009</subfield>
  </datafield>
  <datafield tag="900" ind1=" " ind2=" ">
   <subfield code="a">Vol. 52 no. 9 (2006)</subfield>
   <subfield code="b">Οφειλόμενο</subfield>
   <subfield code="c">24/11/2009</subfield>
  </datafield>
  <datafield tag="900" ind1=" " ind2=" ">
   <subfield code="a">Vol. 52 no. 10 (2006)</subfield>
   <subfield code="b">Οφειλόμενο</subfield>
   <subfield code="c">24/11/2009</subfield>
  </datafield>
  <datafield tag="900" ind1=" " ind2=" ">
   <subfield code="a">Vol. 52 no. 11 (2006)</subfield>
   <subfield code="b">Οφειλόμενο</subfield>
   <subfield code="c">24/11/2009</subfield>
  </datafield>
  <datafield tag="900" ind1=" " ind2=" ">
   <subfield code="a">Vol. 52 no. 12 (2006)</subfield>
   <subfield code="b">Οφειλόμενο</subfield>
   <subfield code="c">24/11/2009</subfield>
  </datafield>
  <datafield tag="900" ind1=" " ind2=" ">
   <subfield code="a">Vol. 53 no. 1 (2007)</subfield>
   <subfield code="b">Οφειλόμενο</subfield>
   <subfield code="c">24/11/2009</subfield>
  </datafield>
  <datafield tag="900" ind1=" " ind2=" ">
   <subfield code="a">Vol. 53 no. 2 (2007)</subfield>
   <subfield code="b">Οφειλόμενο</subfield>
   <subfield code="c">24/11/2009</subfield>
  </datafield>
  <datafield tag="900" ind1=" " ind2=" ">
   <subfield code="a">Vol. 53 no. 3 (2007)</subfield>
   <subfield code="b">Οφειλόμενο</subfield>
   <subfield code="c">24/11/2009</subfield>
  </datafield>
  <datafield tag="900" ind1=" " ind2=" ">
   <subfield code="a">Vol. 53 no. 4 (2007)</subfield>
   <subfield code="b">Οφειλόμενο</subfield>
   <subfield code="c">24/11/2009</subfield>
  </datafield>
  <datafield tag="900" ind1=" " ind2=" ">
   <subfield code="a">Vol. 53 no. 5 (2007)</subfield>
   <subfield code="b">Οφειλόμενο</subfield>
   <subfield code="c">24/11/2009</subfield>
  </datafield>
  <datafield tag="900" ind1=" " ind2=" ">
   <subfield code="a">Vol. 53 no. 6 (2007)</subfield>
   <subfield code="b">Οφειλόμενο</subfield>
   <subfield code="c">24/11/2009</subfield>
  </datafield>
  <datafield tag="900" ind1=" " ind2=" ">
   <subfield code="a">Vol. 53 no. 7 (2007)</subfield>
   <subfield code="b">Οφειλόμενο</subfield>
   <subfield code="c">24/11/2009</subfield>
  </datafield>
  <datafield tag="900" ind1=" " ind2=" ">
   <subfield code="a">Vol. 53 no. 8 (2007)</subfield>
   <subfield code="b">Οφειλόμενο</subfield>
   <subfield code="c">24/11/2009</subfield>
  </datafield>
  <datafield tag="900" ind1=" " ind2=" ">
   <subfield code="a">Vol. 53 no. 9 (2007)</subfield>
   <subfield code="b">Οφειλόμενο</subfield>
   <subfield code="c">24/11/2009</subfield>
  </datafield>
  <datafield tag="900" ind1=" " ind2=" ">
   <subfield code="a">Vol. 53 no. 10 (2007)</subfield>
   <subfield code="b">Οφειλόμενο</subfield>
   <subfield code="c">24/11/2009</subfield>
  </datafield>
  <datafield tag="900" ind1=" " ind2=" ">
   <subfield code="a">Vol. 53 no. 11 (2007)</subfield>
   <subfield code="b">Οφειλόμενο</subfield>
   <subfield code="c">24/11/2009</subfield>
  </datafield>
  <datafield tag="900" ind1=" " ind2=" ">
   <subfield code="a">Vol. 53 no. 12 (2007)</subfield>
   <subfield code="b">Οφειλόμενο</subfield>
   <subfield code="c">24/11/2009</subfield>
  </datafield>
  <datafield tag="900" ind1=" " ind2=" ">
   <subfield code="a">Vol. 54 no. 1 (2008)</subfield>
   <subfield code="b">Οφειλόμενο</subfield>
   <subfield code="c">24/11/2009</subfield>
  </datafield>
  <datafield tag="900" ind1=" " ind2=" ">
   <subfield code="a">Vol. 54 no. 2 (2008)</subfield>
   <subfield code="b">Οφειλόμενο</subfield>
   <subfield code="c">24/11/2009</subfield>
  </datafield>
  <datafield tag="900" ind1=" " ind2=" ">
   <subfield code="a">Vol. 54 no. 3 (2008)</subfield>
   <subfield code="b">Οφειλόμενο</subfield>
   <subfield code="c">24/11/2009</subfield>
  </datafield>
  <datafield tag="900" ind1=" " ind2=" ">
   <subfield code="a">Vol. 54 no. 4 (2008)</subfield>
   <subfield code="b">Οφειλόμενο</subfield>
   <subfield code="c">07/12/2009</subfield>
  </datafield>
  <datafield tag="900" ind1=" " ind2=" ">
   <subfield code="a">Vol. 54 no. 5 (2008)</subfield>
   <subfield code="b">Οφειλόμενο</subfield>
   <subfield code="c">07/01/2010</subfield>
  </datafield>
  <datafield tag="900" ind1=" " ind2=" ">
   <subfield code="a">Vol. 54 no. 6 (2008)</subfield>
   <subfield code="b">Οφειλόμενο</subfield>
   <subfield code="c">07/02/2010</subfield>
  </datafield>
  <datafield tag="900" ind1=" " ind2=" ">
   <subfield code="a">Vol. 54 no. 7 (2008)</subfield>
   <subfield code="b">Οφειλόμενο</subfield>
   <subfield code="c">08/03/2010</subfield>
  </datafield>
  <datafield tag="900" ind1=" " ind2=" ">
   <subfield code="a">Vol. 54 no. 8 (2008)</subfield>
   <subfield code="b">Οφειλόμενο</subfield>
   <subfield code="c">11/04/2010</subfield>
  </datafield>
  <datafield tag="900" ind1=" " ind2=" ">
   <subfield code="a">Vol. 54 no. 9 (2008)</subfield>
   <subfield code="b">Οφειλόμενο</subfield>
   <subfield code="c">10/05/2010</subfield>
  </datafield>
  <datafield tag="900" ind1=" " ind2=" ">
   <subfield code="a">Vol. 54 no. 10 (2008)</subfield>
   <subfield code="b">Οφειλόμενο</subfield>
   <subfield code="c">08/06/2010</subfield>
  </datafield>
  <datafield tag="900" ind1=" " ind2=" ">
   <subfield code="a">Vol. 54 no. 11 (2008)</subfield>
   <subfield code="b">Οφειλόμενο</subfield>
   <subfield code="c">09/07/2010</subfield>
  </datafield>
  <datafield tag="900" ind1=" " ind2=" ">
   <subfield code="a">Vol. 54 no. 12 (2008)</subfield>
   <subfield code="b">Οφειλόμενο</subfield>
   <subfield code="c">27/08/2010</subfield>
  </datafield>
  <datafield tag="900" ind1=" " ind2=" ">
   <subfield code="a">Vol. 55 no. 2 (2009)</subfield>
   <subfield code="b">Οφειλόμενο</subfield>
   <subfield code="c">10/10/2010</subfield>
  </datafield>
  <datafield tag="900" ind1=" " ind2=" ">
   <subfield code="a">Vol. 56 no. 2 (2010)</subfield>
   <subfield code="b">Οφειλόμενο</subfield>
   <subfield code="c">03/05/2011</subfield>
  </datafield>
  <datafield tag="900" ind1=" " ind2=" ">
   <subfield code="a">Vol. 60 no. 3 (2014)</subfield>
   <subfield code="b">Οφειλόμενο</subfield>
   <subfield code="c">13/06/2017</subfield>
  </datafield>
  <datafield tag="900" ind1=" " ind2=" ">
   <subfield code="a">Vol. 60 no. 4 (2014)</subfield>
   <subfield code="b">Οφειλόμενο</subfield>
   <subfield code="c">13/06/2017</subfield>
  </datafield>
  <datafield tag="950" ind1=" " ind2=" ">
   <subfield code="a">01/01/2002</subfield>
   <subfield code="c">SWETS INFORMATION SERVICES</subfield>
   <subfield code="d">283</subfield>
  </datafield>
  <datafield tag="951" ind1=" " ind2=" ">
   <subfield code="a">Kommunikation &amp; Recht  (2010)</subfield>
   <subfield code="b">Supplements</subfield>
  </datafield>
  <datafield tag="951" ind1=" " ind2=" ">
   <subfield code="a">Vol.. 59  (Register)</subfield>
   <subfield code="b">Advance Sheets</subfield>
  </datafield>
  <datafield tag="951" ind1=" " ind2=" ">
   <subfield code="a">48. Jahrgang  (2002)</subfield>
   <subfield code="b">Indexes</subfield>
  </datafield>
  <datafield tag="951" ind1=" " ind2=" ">
   <subfield code="a">49. Jahrgang  (2003)</subfield>
   <subfield code="b">Indexes</subfield>
  </datafield>
  <datafield tag="951" ind1=" " ind2=" ">
   <subfield code="a">50. Jahrgang  (2004)</subfield>
   <subfield code="b">Indexes</subfield>
  </datafield>
  <datafield tag="951" ind1=" " ind2=" ">
   <subfield code="a">51. Jahrgang (2005)</subfield>
   <subfield code="b">Indexes</subfield>
  </datafield>
  <datafield tag="951" ind1=" " ind2=" ">
   <subfield code="a">56. Jahrgang (2010)</subfield>
   <subfield code="b">Indexes</subfield>
  </datafield>
  <datafield tag="951" ind1=" " ind2=" ">
   <subfield code="a">Vol. 48 no. 1 (2002) - Vol. 50 no. 12 (2004)</subfield>
   <subfield code="b">Main run</subfield>
  </datafield>
  <datafield tag="951" ind1=" " ind2=" ">
   <subfield code="a">Vol. 51 no. 1 (2005) - Vol. 51 no. 12 (2005)</subfield>
   <subfield code="b">Main run</subfield>
  </datafield>
  <datafield tag="951" ind1=" " ind2=" ">
   <subfield code="a">Vol. 55 no. 1-2 (2009)</subfield>
   <subfield code="b">Main run</subfield>
  </datafield>
  <datafield tag="951" ind1=" " ind2=" ">
   <subfield code="a">Vol. 55 no. 3 (2009) - Vol. 55 no. 12 (2009)</subfield>
   <subfield code="b">Main run</subfield>
  </datafield>
  <datafield tag="951" ind1=" " ind2=" ">
   <subfield code="a">Vol. 56 no. 1-2  (2010)</subfield>
   <subfield code="b">Main run</subfield>
  </datafield>
  <datafield tag="951" ind1=" " ind2=" ">
   <subfield code="a">Vol. 56 no. 3  (2010)</subfield>
   <subfield code="b">Main run</subfield>
  </datafield>
  <datafield tag="951" ind1=" " ind2=" ">
   <subfield code="a">Vol. 56 no. 4  (2010)</subfield>
   <subfield code="b">Main run</subfield>
  </datafield>
  <datafield tag="951" ind1=" " ind2=" ">
   <subfield code="a">Vol. 56 no. 5  (2010)</subfield>
   <subfield code="b">Main run</subfield>
  </datafield>
  <datafield tag="951" ind1=" " ind2=" ">
   <subfield code="a">Vol. 56 no. 6  (2010)</subfield>
   <subfield code="b">Main run</subfield>
  </datafield>
  <datafield tag="951" ind1=" " ind2=" ">
   <subfield code="a">Vol. 56 no. 7 (2010) - Vol. 56 no. 12 (2010)</subfield>
   <subfield code="b">Main run</subfield>
  </datafield>
  <datafield tag="951" ind1=" " ind2=" ">
   <subfield code="a">Vol. 57 no. 1-2 (2011) - Vol. 57 no. 12 (2011)</subfield>
   <subfield code="b">Main run</subfield>
  </datafield>
  <datafield tag="951" ind1=" " ind2=" ">
   <subfield code="a">Vol. 58 no. 1-2 (January 2012) - Vol. 58 no. 6 (June 2012)</subfield>
   <subfield code="b">Main run</subfield>
  </datafield>
  <datafield tag="951" ind1=" " ind2=" ">
   <subfield code="a">Vol. 58 no. 7 (2012)</subfield>
   <subfield code="b">Main run</subfield>
  </datafield>
  <datafield tag="951" ind1=" " ind2=" ">
   <subfield code="a">Vol. 58 no. 8 (August 2012)</subfield>
   <subfield code="b">Main run</subfield>
  </datafield>
  <datafield tag="951" ind1=" " ind2=" ">
   <subfield code="a">Vol. 58 no. 9 (2012) - Vol. 58 no. 12 (2012)</subfield>
   <subfield code="b">Main run</subfield>
  </datafield>
  <datafield tag="951" ind1=" " ind2=" ">
   <subfield code="a">Vol. 59 no. 1-2 (2013) - Vol. 59 no. 12 (2013)</subfield>
   <subfield code="b">Main run</subfield>
  </datafield>
  <datafield tag="951" ind1=" " ind2=" ">
   <subfield code="a">Vol. 60 no. 1-2 (2014)</subfield>
   <subfield code="b">Main run</subfield>
  </datafield>
  <datafield tag="951" ind1=" " ind2=" ">
   <subfield code="a">Banker &amp; Versishe runger  (Beilage 1 zu Heft4/2002)</subfield>
   <subfield code="b">Supplements</subfield>
  </datafield>
  <datafield tag="951" ind1=" " ind2=" ">
   <subfield code="a">Leasing - Berater  (Beilage 2 zu Heft 7/2002)</subfield>
   <subfield code="b">Supplements</subfield>
  </datafield>
  <datafield tag="951" ind1=" " ind2=" ">
   <subfield code="a">International Journal of Dispute Resolution  (Beilage 3 zu Heft 12/2002)</subfield>
   <subfield code="b">Supplements</subfield>
  </datafield>
  <datafield tag="951" ind1=" " ind2=" ">
   <subfield code="a">GPR  (Beilage 1 zu Heft 11/2003)</subfield>
   <subfield code="b">Supplements</subfield>
  </datafield>
  <datafield tag="951" ind1=" " ind2=" ">
   <subfield code="a">International Dispute Resolution  (Beilage 2 zu Heft 3/2004)</subfield>
   <subfield code="b">Supplements</subfield>
  </datafield>
 </record>
</collection>
